00321nam a2200121Ia 4500008004100000041000800041082001400049100001700063245004500080260003200125300003100157365001100188240624s9999 xx 000 0 und d aeng a658.4 TAL aTALBOT FIONA aEXECUTIVE WRITING SKILLS FOR MANAGERS MA c2009aNew DelhibKogan Page axvi, : 140 : p. : cm. ; 21 cRSb30